Management control in nonprofit organizations

Bibliographic Details
Main Author: Anthony, Robert N.
Format: Book
Published: Illinois : Richard D. Irwin , c1984
Edition:3rd ed.
Subjects:

MARC

LEADER 00000cam a2200000 7i4500
001 0000001300
005 20021127.0
020 |a 0256029601 
040 |a INS 
090 0 0 |a HF5686.N56   |b A57 1984 
100 1 |a Anthony, Robert N. 
245 1 0 |a Management control in nonprofit organizations   |c Robert N. Antony and David W. Young 
250 |a 3rd ed. 
260 |a Illinois :   |b Richard D. Irwin ,   |c c1984 
300 |a xvi, 680p. :   |b charts ;   |c 23 cm. 
500 |a Includes index 
650 0 0 |a Control theory 
999 |a 0000000345   |b BOOK   |c Open Shelf   |e Default branch